000 00928nam a2200289 a 4500
999 _c1679
_d1679
001 716209
005 20170703095731.0
008 970506s1995 fr b 001 0 fre
010 _a 97148278
020 _a2070327612 (v. 1)
020 _a2070329038 (v. 2)
020 _a2070329046 (v. 3)
040 _aDLC
_cDLC
050 0 0 _aB77
_b.N68 1995
082 0 0 _a100
_221
245 0 0 _aNotions de philosophie /
_csous la direction de Denis Kambouchner.
260 _aParis :
_bGallimard,
_cc1995.
300 _a3 v. ;
_c18 cm.
490 0 _aCollection Folio/essais ;
_v277-279
504 _aIncludes bibliographical references and index.
650 0 _aPhilosophy.
_932666
700 1 _aKambouchner, Denis.
_932667
906 _a7
_bcbc
_corignew
_d2
_encip
_f19
_gy-gencatlg
942 _2lcc
_cMONOGRAPH